000 00825cam a2200301 4500
001 J2322
008 090401t1993 xxu||||| |||| 00| 0 eng d
035 _a(Sirsi) u48364
041 _aeng
050 _a333.337016
110 _aHillier Parker Research
_92002
245 _aSecondary property (summary). - December 1993
260 _aLondon
_bHillier Parker May and Rowden
_c1993
300 _a1 sheet ; 30cm.
350 _a0
650 _aINDICES
650 _aINDUSTRIAL PROPERTY
650 _aOFFICES
650 _aRENT INDEX
650 _aSECONDARY PROPERTY
650 _aSECONDARY RENT INDEX
650 _aSHOPS
650 _aYIELDS
690 _aPROPERTY-COMMERCIAL PROPERTY-COMMERCIAL PROPERTY FINANCE AND INVESTMENT
710 _aInvestors Chronicle
_92657
942 _n0
948 _c04/03/1997
999 _c92323
_d92323